Exploring advanced manufacturing technologies (Record no. 140884)

MARC details
000 -LEADER
fixed length control field 00357nam a2200133Ia 4500
008 - FIXED-LENGTH DATA ELEMENTS--GENERAL INFORMATION
fixed length control field 230917s9999||||xx |||||||||||||| ||und||
040 ## - CATALOGING SOURCE
-- 112894
Original cataloging agency VIVEKANANDA LIBRARY
041 ## - Language
-- English
082 ## - DDC NUMBER
Classification number 670.42 K 864 E
100 ## - MAIN ENTRY--PERSONAL NAME
Personal name Krar, Stephen F.
245 #0 - TITLE STATEMENT
Title Exploring advanced manufacturing technologies
260 ## - PUBLICATION, DISTRIBUTION, ETC. (IMPRINT)
Place of publication, distribution, etc New York
Name of publisher, distributor, etc Industrial Press
Date of publication, distribution, etc 2003
942 ## - ADDED ENTRY ELEMENTS (KOHA)
Koha item type Books
Holdings
Withdrawn status Lost status Damaged status Not for loan Location (home branch) Sublocation or collection (holding branch) Shelving location Date acquired Koha issues (times borrowed) Koha full call number Accession No. Koha date last seen Koha item type
        VIVEKANANDA LIBRARY VIVEKANANDA LIBRARY UIET Library 22/01/2007   670.42 K 864 E 245268 17/09/2023 Books
© Designed and Maintained by Vivekananda Library, MDU Rohtak